000 00713nam a2200253Ia 4500
003 OSt
005 20221005101410.0
006 a|||||r|||| 00| 0
007 ta
008 221004b |||||||| |||| 00| 0 tam d
024 _a5656
037 _bGift, 29/07/2013,
_cTextual
040 _aCRL
_cCRL
_btam
041 _2tam
_atam
082 _aZ2, 31P5
100 _aS. K. Ganapatai
_9622179
245 0 _aPandaiya thamizhakathil sattamum nithivm
260 _aThuthukudi
_bSanga Thamizh Patthipagam India
_c2005
300 _a190p.
_ccm.
650 _a TAMIL LANGUAGE
650 _aLAW
942 _hZ2, 31P5
_cTEXL
_2cc
999 _c1006751
_d1006751